| 000 | 00834nam a2200217Ii 4500 | ||
|---|---|---|---|
| 003 | JO-AjNU | ||
| 008 | 230605s9999||||xx |||||||||||||| ||und|| | ||
| 017 | _a2006/9/2683 | ||
| 040 |
_aJO-AjNU _bara _erda _cJO-AjNU |
||
| 041 | _aara | ||
| 050 | 1 | 4 | _aHQ1237 .K32 2007 |
| 100 | 3 |
_aخير، رجاء محمد, _eauthor _921348 |
|
| 245 | 0 | 0 | _aالتحرش بالمرأة: دراسة اجتماعية وحلول قانونية |
| 250 | _aط1 | ||
| 264 | 3 | 1 | _aعمان: دار عمار للنشر والتوزيع، 2007 |
| 300 |
_a160ص _bيحتوي على ببلوغرافية من 150-160ص |
||
| 336 |
_atext _btxt _2rdacontent |
||
| 337 |
_aunmediated _bn _2rdamedia |
||
| 338 |
_avolume _bnc _2rdacarrier |
||
| 650 | 4 |
_aالمرأة - تحرش جنسي - الجرائم الجنسية - القوانين والعقوبات _921349 |
|
| 999 |
_aA7400 _c10968 _d10968 |
||